000 00421nmm a2200157Ia 4500
008 251105s9999||||xx |||||||||||||||||und||
041 _aspa
100 _aDunham, Cyrus
245 0 _aUn año sin nombre
264 _a[Madrid, España] :
_bEditorial Egales,
_c2021
300 _a179 páginas
490 _aNarrativa
650 _aBiography
856 _uhttps://public.digitaliapublishing.com/a/135819
942 _cCF
999 _c100267
_d100267